| 000 | 00817nam a22002057a 4500 | ||
|---|---|---|---|
| 999 |
_c4759 _d4759 |
||
| 003 | AR-CdUCM | ||
| 008 | 190311b ||||| |||| 00| 0 spa d | ||
| 040 |
_aMUNICIPALIDAD PROVINCIAL DEL CUSCO _cBIBLIOTECA MUNICIPAL DEL CUSCO |
||
| 082 |
_22ed. _a869.56 / _bB41 |
||
| 100 |
_aBelli, Carlos Germán _98779 |
||
| 245 | _a¡Oh hada cibernética! / | ||
| 260 |
_aLima : _bAntología de la Rama Florida : _b[Talleres de Industrial gráfica S.A.], _c1962. |
||
| 300 |
_a57 páginas ; _c19 cm. |
||
| 500 | _aDonación de la familia Nieto (primer ejemplar). Segundo ejemplar, dedicatoria a Gustavo Pérez Ocampo. Tercer ejemplar dedicatoria a Luis Nieto | ||
| 650 |
_aPoesía peruana - Siglo XX _914083 |
||
| 650 |
_aPoetas peruanos _91611 |
||
| 650 |
_aPoesía contemporánea _93298 |
||
| 942 |
_2ddc _cPP |
||
| 945 | _alccs | ||